Statistical analysis with r : essentials for dummies / Joseph Schmuller. (Record no. 20445)

000 -LEADER
fixed length control field 02501nam a22001937a 4500
020 ## - INTERNATIONAL STANDARD BOOK NUMBER
ISBN 9781394263431
082 ## - DEWEY DECIMAL CLASSIFICATION NUMBER
Classification number 005.133
Item number Sch356 2024
100 ## - MAIN ENTRY--AUTHOR NAME
Personal name Schmuller, Joseph, author.
245 ## - TITLE STATEMENT
Title Statistical analysis with r : essentials for dummies / Joseph Schmuller.
250 ## - EDITION STATEMENT
Edition statement first edition.
260 ## - PUBLICATION, DISTRIBUTION, ETC. (IMPRINT)
Place of publication Hoboken ;
-- New Jersey :
Name of publisher John Wiley and Sons,
Year of publication ©2024.
300 ## - PHYSICAL DESCRIPTION
Number of Pages 1 online resource. [unnumbered pages]
500 ## - GENERAL NOTE
General note Includes index.
505 ## - FORMATTED CONTENTS NOTE
Formatted contents note Computers -- Mathematical statistics -- Data processing -- Statistical hypothesis testing -- Inferential statistics -- R (Computer program language) --Open source software --Programming languages --Statistical software --Statistical analysis --Regression analysis --Analysis of variance --Sampling (Statistics) -Confidence intervals --Correlation (Statistics) --Data structures (Computer science) --Data frames (Computer science) --Quantitative research --Normal distribution (Probability theory) --Central limit theorem -Probability theory --Standard deviation --Variance --Descriptive statistics --Data visualization --Computer programs --Software development --Systems analysis --Spreadsheets --CSV (File format) --Text files --Loop statements (Computer science) --Conditional statements (Computer science) --Numerical analysis --Vectors (Mathematics) --
Matrices -- Factors (Statistics) -- Lists (Data structures) -- Formulas (Mathematics) -- Statistical computing --
Mathematics -- Statistics -- Internet resources -- Online communities -- Technical manuals -- Documentation --Learning resources -- Software libraries
520 ## - SUMMARY, ETC.
Summary, etc "Statistical Analysis with R Essentials For Dummies is your reference to all the core concepts about R--the widely used, open-source programming language and data analysis tool. This no-nonsense book gets right to the point, eliminating review material, wordy explanations, and fluff. Understand all you need to know about the foundations of R, swiftly and clearly. Perfect for a brush-up on the basics or as an everyday desk reference on the job, this is the reliable little book you can always turn to for answers. This book is to the point, focusing on the key topics readers need to know about this popular programming language. Great for supplementing classroom learning, reviewing for a certification, or staying knowledgeable on the job."
650 ## - SUBJECT ADDED ENTRY--TOPICAL TERM
Topical Term COMPUTERS -- Mathematical & Statistical Software.
650 ## - SUBJECT ADDED ENTRY--TOPICAL TERM
Topical Term Mathematical statistics -- Data processing.
942 ## - ADDED ENTRY ELEMENTS (KOHA)
Koha item type Electronic Books
Holdings
Source of acquisition Permanent Location Date acquired Collection code Koha item type Lost status Shelving location Withdrawn status Current Location Full call number
DonationCagayan State University - Carig Library2025-05-17E-BooksElectronic Books E-Resource Section Cagayan State University - Carig Library005.133 Sch356 2024

Cagayan State University University Library, Carig Campus
Tuguegarao City, Cagayan 3500 | www.csucarig.edu.ph

Powered by Koha